Villes en Coupe d'Europe de rugby sur une carte. - Statistiques

Statistiques générales
  • Ce quiz a été pris 449 fois
    98 depuis la dernière actualisation
  • Le résultat moyen est 17 sur 24
Réponses sur la Carte
Les réponses sont colorées sur une échelle allant du rouge au vert en fonction du pourcentage des utilisateurs qui les ont devinées à leur premier essai. Vous pouvez retrouver ces pourcentages ci-dessous.
 
Statistiques - réponses
Villes % Correct
Bordeaux
99%
Toulouse
99%
Clermont
98%
La Rochelle
98%
Bayonne
97%
Toulon
97%
Twickenham
93%
Watford
93%
Pau
92%
Dublin
87%
Édimbourg
82%
Glasgow
80%
Castres
75%
Le Cap
70%
Pretoria
64%
Salford
58%
Leicester
52%
Bristol
51%
Northampton
47%
Durban
46%
Bath
44%
Gloucester
29%
Limerick
26%
Llanelli
22%
Aucun quiz correspondant
Distribution des résultats
% des personnes avec chaque résultat
Percentile par nombre de réponses
Votre historique - résultats
Vous n’avez pas pris ce quiz depuis la dernière actualisation